|
|
|
|
| LEADER |
00956nab#a2200325#ar4500 |
| 001 |
000073353 |
| 003 |
SVKKK |
| 005 |
20040107xxxxxxx. |
| 008 |
06 c xo huno |
| FMT |
|
|
|
| 038 |
|
|
|a SVKKK
|
| 040 |
|
|
|a SVKKK
|b slo
|e AACR2
|
| 041 |
0 |
|
|a hun
|
| 044 |
|
|
|a xo
|c SK
|
| 080 |
|
|
|a 282
|
| 080 |
|
|
|a 394
|
| 242 |
1 |
0 |
|a Narodeniny nášho kráľa
|
| 245 |
0 |
0 |
|a Királyunk születésnapja
|
| 500 |
|
|
|a mikrofilm
|
| 520 |
2 |
|
|a Slávnostná ďakovná bohoslužba v Humennom 18.08.1909 pri príležitosti 79. narodenín kráľa za účasti všetkých predstaviteľov mesta
|
| 650 |
0 |
4 |
|a bohoslužba slávnostná - verejný a spoločenský život - výročie narodenia kráľa (79.) - Humenné - 18.08.1909 - správy
|
| 773 |
0 |
|
|t Felvidéki Hirlap
|g Roč. 2, č. 34 (22.08.1909) s. 2
|
| 957 |
|
|
|a Humenné
|
| 958 |
|
|
|a CI
|
| 958 |
|
|
|a DG
|
| 958 |
|
|
|a SK
|
| 974 |
|
|
|a Ba
|d 20040107
|
| 992 |
|
|
|a RBX
|
| BAS |
|
|
|
| 998 |
|
|
|a RETRO
|